| 000 | 00825nam a2200217 a 4500 | ||
|---|---|---|---|
| 001 | BRCA_1400 | ||
| 005 | 20190320203418.0 | ||
| 008 | 740717s1963 mx-#---###---#000-0#spa-# | ||
| 041 | _aspafre | ||
| 050 | 4 |
_aF1233 _b.L53 _c1963 |
|
| 245 | 1 | 0 |
_aEl libro secreto de Maximiliano _cprólogo de José Ma. Luján. |
| 260 |
_aMéxico _bUNAM _c1963 |
||
| 300 |
_a126 p. _c24 cm. |
||
| 440 | 0 |
_aInstituto de Historia _v78 _94579 |
|
| 440 | 0 |
_aSerie Documental _v1 _94580 |
|
| 500 | _aFacsímil de : Los traidores pintados por sí mismos. Libro secreto de Maximiliano en que aperece la idea que tenia de sus servidores. México : Imprenta del Gobierno en Palacio, 1867 | ||
| 500 | _aIncluye índice de nombres | ||
| 651 | 4 |
_aMéxico _xBiografía _94581 |
|
| 700 | 1 |
_aMaximiliano _cEmperador de México _d1832-1867 _94582 |
|
| 942 |
_2lcc _cB |
||
| 999 |
_c1262 _d1262 |
||